Guess the Netflix/Tv Show - Statistics

General Stats
  • This quiz has been taken 2,333 times
  • The average score is 6 of 15
Answer Stats
Hint Answer % Correct
What is the show where there is a person and she get pregnant by artificial insemination Jane the Virgin
74%
The house is a bit fuller Fuller House
60%
"A" Pretty Little Liars
59%
A netflix show where a group of people solve mysteries in their town (gargoyle king) Riverdale
50%
You get the best of both worlds Hannah Montana
49%
Town is infected with vampires Vampire Diaries
47%
A nickelodeon show where people sing at a school Victorious
46%
A teenager vlogs to her sister in the future Good Luck Charlie
43%
Gordon Ramsey yells at people Hells Kitchen
42%
boots is my bestfriend Dora
35%
A nanny goes to a home and take care of four kids Jessie
34%
where a girl is in the midle of her family Stuck in the Middle
31%
Doctors pop pimples Doctor Pimple Popper
29%
would you rather with a girl and a boy Coop and Cami
3%
Make cats act better My Cat From Hell
2%
No matching quizzes found
Score Distribution
Percent of People with Each Score
Percentile by Number Answered
Your Score History
You have not taken this quiz